| 000 | 00371nam a2200133 a 4500 | ||
|---|---|---|---|
| 005 | 20140414132120.0 | ||
| 008 | 120822s19uu xx 00 eng d | ||
| 050 |
_aTR 372.4 _bT342 2003 |
||
| 245 |
_aTests: _bwriting ;reading;phonics. |
||
| 260 |
_aHunt Valley, Maryland : _bCalvert School, _c2003. |
||
| 300 | _a89 | ||
| 650 | _aEvaluation-applications. | ||
| 999 |
_c115032 _d115032 |
||